Fundamental Systems of Solutions of Some Linear Differential Equations of Higher Order

Článok sa zaoberá problematikou existencie fundamentálnych systémov na riešenie niektorých typov homogénnych lineárnych diferenciálnych rovníc s konštantnými koeficientmi, ktoré sú vytvorené pomocou vyšších derivácií takzvanej fundamentálnej funkcie.

Salvato in:
Dettagli Bibliografici
Autore principale: Fecenko, Jozef
Natura: Capitolo di libro
Lingua:inglese
Soggetti:
Tags: Aggiungi Tag
Nessun Tag, puoi essere il primo ad aggiungerne!!

MARC

LEADER 00000naa$a2200000$$$4500
001 0308038
005 20250603104104.7
041 0 |a eng 
044 |a SK 
245 1 0 |a Fundamental Systems of Solutions of Some Linear Differential Equations of Higher Order  |c Jozef Fecenko 
520 |a Článok sa zaoberá problematikou existencie fundamentálnych systémov na riešenie niektorých typov homogénnych lineárnych diferenciálnych rovníc s konštantnými koeficientmi, ktoré sú vytvorené pomocou vyšších derivácií takzvanej fundamentálnej funkcie. 
610 2 0 |a matematika 
610 2 0 |a transformácia 
610 2 0 |a aktuári 
610 2 0 |a rovnice diferenciálne 
610 2 0 |a funkcie matematické 
100 1 |a Fecenko, Jozef